000 00520nam a2200169 i 4500
001 117527
003 ES-MaACL
005 20230906190925.0
007 t|
008 070214s1931 sp r ||||1| spa d
080 _a860(728.4)-22"19"
100 1 _aPeralta Lagos, José María.
_990385
245 1 0 _aCandidato
_b: comedia en tres actos y un epílogo /
_cpor José María Peralta Lagos.
260 _aSan Salvador :
_bCentro Ed. Salvadoreño,
_c1931.
300 _aXII, 189 p. ;
_c18 cm.
852 _aES-MaACL
_jA-1300
999 _c117527
_d117527